Statistics for Galatasaray Champions League XIs

Click here to take the quiz!

General Stats

  • This quiz has been taken 370 times
  • The average score is 35 of 91

Answer Stats

Answer% Correct
Fernando Muslera
95%
Didier Drogba
90%
Wesley Sneijder
89%
Burak Yılmaz
86%
Selçuk İnan
73%
Claudio Taffarel
69%
Emmanuel Eboué
69%
Felipe Melo
69%
Hakan Şükür
66%
Gheorghe Hagi
64%
Semih Kaya
64%
Marcão
61%
Faryd Mondragon
60%
Umut Bulut
60%
Bülent Korkmaz
57%
Hamit Altıntop
57%
Emre Belözoğlu
55%
Albert Riera
54%
Aurélien Chedjou
53%
Okan Buruk
53%
Younès Belhanda
53%
Yūto Nagatomo
52%
Eren Derdiyok
50%
Hakan Balta
50%
Sabri Sarıoğlu
50%
Sofiane Feghouli
50%
Christian Luyindama
49%
Lukas Podolski
49%
Gheorghe Popescu
48%
Suat Kaya
48%
Arda Turan
47%
Mário Jardel
47%
Hasan Şaş
46%
Mario Lemina
46%
Alex Telles
45%
Garry Rodrigues
44%
Jean Michaël Seri
44%
Steven Nzonzi
43%
Arif Erdem
40%
Mert Korkmaz
40%
Nordin Amrabat
40%
Orhan Ak
40%
Ryan Donk
40%
Ümit Davala
40%
Fernando
39%
Ryan Babel
39%
Ümit Karan
38%
Bruma
37%
Dany Nounkeu
35%
Ergün Penbe
35%
Martin Linnes
34%
Badou Ndiaye
32%
Capone
30%
Yasin Öztekin
30%
Bilal Kısa
29%
Ozan Kabak
29%
Serdar Aziz
29%
Tugay Kerimoğlu
28%
Rigobert Song
27%
Hakan Ünsal
26%
Ayhan Akman
24%
Tarık Çamdal
23%
Blerim Džemaili
22%
Demirbas Hayrettin
22%
Emre Aşık
22%
Fatih Akyel
22%
Stjepan Tomas
22%
Jason Denayer
21%
Saša Ilić
21%
Cihan Haspolatlı
20%
Frank de Boer
17%
Mariano Ferreira
17%
Gintaras Staučė
16%
Volkan Kilimci
16%
Adrian Ilie
15%
César Prates
15%
Iulian Filipescu
15%
Hamza Hamzaoğlu
14%
Junichi Inamoto
14%
Kubilay Türkyılmaz
13%
Andres Fleurquin
12%
Elvir Baljić
12%
Falko Götz
12%
Sebastián Pérez
12%
Uğur Tütüneker
12%
Bulent Akin
11%
Fábio Pinto
11%
João Batista
11%
Norman Mapeza
10%
Yusuf Tepekule
10%
Sedat Balkanlı
9%

Score Distribution

Percentile by Number Answered

Percent of People with Each Score

Your Score History

You have not taken this quiz